[Event "EU-ch 23rd"]
[Site "Vrnjacka Banja"]
[Date "2023.03.13"]
[Round "11"]
[White "Stremavicius, Pijus"]
[Black "Castellanos Rodriguez, Renier"]
[Result "0-1"]
[WhiteElo "2383"]
[BlackElo "2484"]
[PlyCount "68"]
[EventDate "2023.03.03"]
[EventType "swiss"]
[EventRounds "11"]
[EventCountry "SRB"]
[SourceTitle "CBM 213"]
[Source "ChessBase"]
[SourceDate "2023.04.30"]
[SourceVersion "1"]
[SourceVersionDate "2023.04.30"]
[SourceQuality "1"]

1. d4 Nf6 2. c4 g6 3. Nc3 Bg7 4. e4 d6 5. Be2 0-0 6. Be3 Na6 7. h4 h5 8. Qd2 c5 9. d5 Nc7 10. Nh3 Bxh3 11. Rxh3 e6 12. f3 exd5 13. cxd5 Re8 14. Kf2 b5 15. Qc2 a6 16. Bg5 b4 17. Nd1 Nb5 18. Ne3 Nd4 19. Qd3 Qc7 20. Bxf6 Bxf6 21. Nc4 a5 22. Rg1 Qe7 23. g3 a4 24. Kf1 a3 25. b3 Kg7 26. g4 Rh8 27. f4 hxg4 28. Rxg4 Rae8 29. Re3 Rxh4 30. Rxh4 Bxh4 31. Bg4 Qf6 32. f5 gxf5 33. exf5 Rxe3 34. Qxe3 Nxf5 0-1

[Event "EU-ch 23rd"]
[Site "Vrnjacka Banja"]
[Date "2023.03.12"]
[Round "10"]
[White "Castellanos Rodriguez, Renier"]
[Black "Jocev, Milan"]
[Result "1-0"]
[WhiteElo "2484"]
[BlackElo "2315"]
[PlyCount "77"]
[EventDate "2023.03.03"]
[EventType "swiss"]
[EventRounds "11"]
[EventCountry "SRB"]
[SourceTitle "CBM 213"]
[Source "ChessBase"]
[SourceDate "2023.04.30"]
[SourceVersion "1"]
[SourceVersionDate "2023.04.30"]
[SourceQuality "1"]

1. e4 e5 2. Nf3 Nc6 3. Bb5 a6 4. Ba4 Nf6 5. 0-0 Be7 6. d3 b5 7. Bb3 0-0 8. Nc3 d6 9. a3 Na5 10. Ba2 Be6 11. Bg5 h6 12. Bxf6 Bxf6 13. b4 Nc6 14. Nd5 Nd4 15. Nxd4 exd4 16. Nf4 Bxa2 17. Rxa2 Be5 18. Ne2 a5 19. f4 Bf6 20. Rb2 axb4 21. axb4 Qd7 22. Ng3 g6 23. e5 dxe5 24. f5 Bg5 25. Rb1 Kh8 26. Ne4 Be3+ 27. Kh1 gxf5 28. Nc5 Qd5 29. Rxf5 Rg8 30. Ne4 Ra6 31. Qf3 Qa2 32. Rf1 Qxc2 33. Rxf7 Qxd3 34. Qf5 Rag6 35. Rh7+ Kxh7 36. Nf6+ Kh8 37. Qxd3 R8g7 38. g3 Bg5 39. Ne4 1-0

[Event "EU-ch 23rd"]
[Site "Vrnjacka Banja"]
[Date "2023.03.07"]
[Round "5"]
[White "Velikic, Adela"]
[Black "Castellanos Rodriguez, Renier"]
[Result "1/2-1/2"]
[WhiteElo "2329"]
[BlackElo "2484"]
[PlyCount "46"]
[EventDate "2023.03.03"]
[EventType "swiss"]
[EventRounds "11"]
[EventCountry "SRB"]
[SourceTitle "CBM 213"]
[Source "ChessBase"]
[SourceDate "2023.04.30"]
[SourceVersion "1"]
[SourceVersionDate "2023.04.30"]
[SourceQuality "1"]

1. e4 c5 2. Nf3 e6 3. d4 cxd4 4. Nxd4 a6 5. Bd3 Nf6 6. Qe2 d6 7. a4 Nbd7 8. Nc3 Ne5 9. f4 Nxd3+ 10. Qxd3 b6 11. 0-0 Bb7 12. f5 e5 13. Nb3 h6 14. Nd5 Be7 15. Be3 Bxd5 16. exd5 0-0 17. Kh1 Qb8 18. c4 Qb7 19. Nd2 b5 20. b3 bxc4 21. bxc4 Rfe8 22. Rab1 Qd7 23. Rb4 Bd8 1/2-1/2

[Event "EU-ch 23rd"]
[Site "Vrnjacka Banja"]
[Date "2023.03.04"]
[Round "2"]
[White "Castellanos Rodriguez, Renier"]
[Black "Martirosyan, Haik M"]
[Result "1/2-1/2"]
[WhiteElo "2484"]
[BlackElo "2686"]
[PlyCount "91"]
[EventDate "2023.03.03"]
[EventType "swiss"]
[EventRounds "11"]
[EventCountry "SRB"]
[SourceTitle "CBM 213"]
[Source "ChessBase"]
[SourceDate "2023.04.30"]
[SourceVersion "1"]
[SourceVersionDate "2023.04.30"]
[SourceQuality "1"]

1. e4 c5 2. Nf3 Nc6 3. Bb5 e6 4. 0-0 Nge7 5. Re1 a6 6. Bf1 d5 7. exd5 Qxd5 8. Nc3 Qd8 9. Ne4 Nf5 10. c3 Be7 11. a3 0-0 12. b4 b6 13. d3 Qc7 14. g3 Rd8 15. Qe2 Bd7 16. Bg2 Be8 17. Bb2 Rac8 18. Rad1 h6 19. h4 Na7 20. bxc5 bxc5 21. Ned2 Nc6 22. Nc4 Na5 23. Nce5 Nd6 24. c4 Nf5 25. Rb1 Nc6 26. Bc3 Rb8 27. Qc2 Rxb1 28. Rxb1 Ncd4 29. Qd2 Rb8 30. Rxb8 Qxb8 31. Qb2 Qd6 32. Bxd4 cxd4 33. Qb7 a5 34. Qa8 Qd8 35. Qa6 Bxa3 36. Nc6 Qd6 37. Nfe5 Bc5 38. Qxa5 f6 39. Qa8 Qf8 40. Nf3 Bd7 41. Qb7 Qc8 42. Qxc8+ Bxc8 43. g4 Ne7 44. Nxe7+ Bxe7 45. Nxd4 e5 46. Nf5 1/2-1/2